| 000 | 00538nam a22001937a 4500 | ||
|---|---|---|---|
| 005 | 20231024150156.0 | ||
| 008 | 231018b |||||||| |||| 00| 0 eng d | ||
| 020 | _a9780631213055 | ||
| 082 |
_a300.72 _bROB |
||
| 100 | _aRobson,Colin | ||
| 245 |
_aReal world research : _bA Resource for Social Scientists and Practitioner-Researchers |
||
| 250 | _a2nd ed. | ||
| 260 |
_aUSA _bBlack Well Publishing _c2002 |
||
| 300 | _a598 | ||
| 500 | _aSubject Index is given. | ||
| 650 | _aSocial Sciences | ||
| 700 | _aColin Robson | ||
| 999 |
_c33958 _d33958 |
||